Top 10 Złotej Piłki France Football 2019 - Statystyki

Ogólne statystyki
  • Ten quiz został rozwiązany 57 razy
    14 od ostatniego zresetowania
  • Średni wynik to 9 z 10
Statystyki odpowiedzi
Miejsce Narodowość Klub Zawodnik % Poprawnych
3 Portugalia Juventus Cristiano Ronaldo
100%
4 Senegal Liverpool Sadio Mané
100%
6 Francja Paris Saint-Germain Kylian Mbappé
100%
1 Argentyna FC Barcelona Lionel Messi
100%
5 Egipt Liverpool Mohamed Salah
100%
8 Polska Bayern Monachium Robert Lewandowski
100%
10 Algieria Manchester City Riyad Mahrez
92%
2 Holandia Liverpool Virgil van Dijk
92%
9 Portugalia Manchester City Bernardo Silva
83%
7 Brazylia Liverpool Alisson Becker
67%
Nie znaleziono quizów pasujących do podanych kryteriów
Rozkład punktacji
Procent ludzi z każdym wynikiem
Percentyl według liczby udzielonych odpowiedzi
Twoja historia wyników
Nie rozwiązałeś tego quizu od ostatniego zresetowania